[Event "7th EuropCh Women"]
[Site "Kusadasi / Turkey"]
[Date "2006.04.06"]
[Round "3"]
[Board "1"]
[White "Steil Antoni, Fiona"]
[Black "Shukurova, Meihriban"]
[Result "0-1"]
[WhiteElo "1968"]
[BlackElo "2205"]
[PlyCount "110"]
[EventDate "2006.04.04"]
[EventRounds "11"]
[EventCountry "AUT"]

1.e4 c5 2.Nc3 Nc6 3.f4 g6 4.Nf3 Bg7 5.Bb5 Nd4 6.O-O Nxb5 7.Nxb5 d6 8.d3 a6 9.Nc3
e6 10.Qe1 Ne7 11.Kh1 O-O 12.f5 exf5 13.Qh4 h5 14.Bg5 f6 15.Bf4 d5 16.e5 d4
17.Ne2 Nd5 18.exf6 Qxf6 19.Bg5 Qb6 20.Ng3 Ne3 21.Bxe3 dxe3 22.Qg5 Qf6 23.Qf4 Bd7
24.c3 Bb5 25.Rfe1 Rfe8 26.d4 Qf8 27.Rxe3 Rxe3 28.Qxe3 Re8 29.Qg5 Re6 30.Re1
Rxe1+ 31.Nxe1 Qe8 32.Nf3 cxd4 33.cxd4 Bc6 34.Ne5 Kh7 35.Qe3 Bd5 36.a3 Bh6 37.Qf2
Qc8 38.Nd3 h4 39.Nf1 h3 40.Ne3 hxg2+ 41.Kg1 Be4 42.Qe2 Bxe3+ 43.Qxe3 Qc4 44.Qg5
Bxd3 45.Qe7+ Kh6 46.Qe3+ g5 47.h4 f4 48.hxg5+ Kxg5 49.Qe7+ Kg4 50.Qg7+ Kf3
51.Qxg2+ Ke3 52.Qf2+ Ke4 53.Qg2+ Kxd4 54.Qg7+ Ke3 55.Qe5+ Be4

[Event "7th EuropCh Women"]
[Site "Kusadasi / Turkey"]
[Date "2006.04.06"]
[Round "3"]
[Board "1"]
[White "Van Weersel, Arlette"]
[Black "Makka, Evanthia"]
[Result "1-0"]
[WhiteElo "2148"]
[BlackElo "2046"]
[PlyCount "43"]
[EventDate "2006.04.04"]
[EventRounds "11"]
[EventCountry "AUT"]

1.Nf3 Nf6 2.g3 d5 3.Bg2 c6 4.O-O g6 5.d3 Bg7 6.Nbd2 O-O 7.e4 dxe4 8.dxe4 Nbd7
9.Qe2 Nb6 10.c4 Nfd7 11.Nb3 Ne5 12.Nxe5 Bxe5 13.Bh6 Re8 14.Rad1 Qc7 15.f4 Bh8
16.Nc5 Nd7 17.Nd3 Nf6 18.h3 Be6 19.b3 Rad8 20.g4 b6 21.g5 Nd7 22.f5

[Event "7th EuropCh Women"]
[Site "Kusadasi / Turkey"]
[Date "2006.04.06"]
[Round "3"]
[Board "1"]
[White "Bulmaga, Irina"]
[Black "Isgandarova, Khayala"]
[Result "0-1"]
[WhiteElo "2002"]
[BlackElo "2104"]
[PlyCount "76"]
[EventDate "2006.04.04"]
[EventRounds "11"]
[EventCountry "AUT"]

1.e4 e6 2.d4 d5 3.exd5 exd5 4.Nf3 Bd6 5.c4 dxc4 6.Bxc4 h6 7.Nc3 Nf6 8.O-O O-O
9.Re1 Nbd7 10.Bb3 c6 11.h3 Qc7 12.Be3 Rd8 13.Qd2 Nf8 14.Bxh6 gxh6 15.Qxh6 N6h7
16.Ng5 Bf4 17.Nce4 Be6 18.Nf6+ Nxf6 19.Qxf6 Bxb3 20.axb3 Bxg5 21.Qxg5+ Ng6
22.Re4 Rd5 23.Qh6 Qd7 24.Qe3 a6 25.b4 Rd8 26.Rd1 Qd6 27.h4 Qxb4 28.Re8+ Rxe8
29.Qxe8+ Kg7 30.Qe4 Qxb2 31.Qg4 Qb5 32.Re1 Rh5 33.g3 a5 34.Re8 Qb1+ 35.Kg2 Qf5
36.Qe2 Rxh4 37.Qb2 Nf4+ 38.Kg1 Rh1+

[Event "7th EuropCh Women"]
[Site "Kusadasi / Turkey"]
[Date "2006.04.07"]
[Round "4"]
[Board "1"]
[White "Dworakowska, Joanna"]
[Black "Muzychuk, Mariya"]
[Result "1/2-1/2"]
[WhiteElo "2364"]
[BlackElo "2172"]
[PlyCount "31"]
[EventDate "2006.04.04"]
[EventRounds "11"]
[EventCountry "AUT"]

1.e4 d5 2.exd5 Nf6 3.d4 Nxd5 4.Be2 g6 5.Nf3 Bg7 6.O-O O-O 7.c4 Nb6 8.Nc3 Bg4
9.c5 Nd5 10.Qb3 Nxc3 11.bxc3 b6 12.Rd1 c6 13.cxb6 axb6 14.Bb2 Nd7 15.a4 Qc7
16.h3

[Event "7th EuropCh Women"]
[Site "Kusadasi / Turkey"]
[Date "2006.04.07"]
[Round "4"]
[Board "1"]
[White "Zdebskaja, Natalia"]
[Black "Pogonina, Natalija"]
[Result "1/2-1/2"]
[WhiteElo "2332"]
[BlackElo "2440"]
[PlyCount "114"]
[EventDate "2006.04.04"]
[EventRounds "11"]
[EventCountry "AUT"]

1.e4 c5 2.Nf3 d6 3.d4 cxd4 4.Nxd4 Nf6 5.Nc3 g6 6.Be2 Bg7 7.O-O O-O 8.Re1 Nc6
9.Nb3 Be6 10.Bf1 a6 11.a4 Rc8 12.Nd5 Bxd5 13.exd5 Nb4 14.c4 a5 15.Bd2 Nd7
16.Bxb4 axb4 17.Qd2 Re8 18.Ra2 Nc5 19.Qxb4 Nxb3 20.Qxb3 Qa5 21.Rd1 Qc5 22.Qd3 e6
23.dxe6 Rxe6 24.Qd2 Rce8 25.Ra3 Qa7 26.a5 Re4 27.Rd3 Rxc4 28.Rxd6 Rc5 29.Re1
Rxe1 30.Rd8+ Bf8 31.Qxe1 Rf5 32.b4 Rf6 33.b5 Qc5 34.Qe3 Qxe3 35.fxe3 Kg7 36.Rd5
Rd6 37.Bc4 Rxd5 38.Bxd5 Bb4 39.a6 bxa6 40.bxa6 Bc5 41.Kf2 f5 42.Kf3 Kf6 43.e4
Ke5 44.Bb7 f4 45.Bc8 Ba7 46.Bd7 Bb8 47.Bc6 Ba7 48.h4 h6 49.Be8 g5 50.hxg5 hxg5
51.Bg6 Bb6 52.Bf5 Ba7 53.Kg4 Kf6 54.Kh5 Be3 55.Bg4 Ba7 56.Kh6 Be3 57.Kh5 Ke5

[Event "7th EuropCh Women"]
[Site "Kusadasi / Turkey"]
[Date "2006.04.07"]
[Round "4"]
[Board "1"]
[White "Zhukova, Natalia"]
[Black "Houska, Jovanka"]
[Result "1/2-1/2"]
[WhiteElo "2425"]
[BlackElo "2378"]
[PlyCount "85"]
[EventDate "2006.04.04"]
[EventRounds "11"]
[EventCountry "AUT"]

1.d4 d5 2.c4 c6 3.Nf3 Nf6 4.Nc3 e6 5.Bg5 Be7 6.e3 h6 7.Bh4 O-O 8.Bd3 Nbd7 9.O-O
dxc4 10.Bxc4 b5 11.Bd3 Bb7 12.Rc1 a6 13.Bxf6 Bxf6 14.Ne4 Be7 15.Nc5 Nxc5 16.dxc5
Qc7 17.Bb1 e5 18.Qc2 g6 19.Qc3 Bf6 20.Nd2 Rad8 21.f4 b4 22.Qxb4 exf4 23.Ne4 Be5
24.exf4 a5 25.Qc4 Rd4 26.Qc3 Rxe4 27.fxe5 Rxe5 28.Rf2 Ba6 29.a3 Rfe8 30.Ba2 R8e7
31.h3 Bc8 32.Qd2 Kg7 33.Rf4 Be6 34.Bxe6 R5xe6 35.Rcf1 Re5 36.b4 axb4 37.axb4 Rd5
38.Qf2 Rde5 39.Rf6 R5e6 40.Qd4 Kg8 41.Qc4 Rxf6 42.Rxf6 Qg3 43.Rf1

[Event "7th EuropCh Women"]
[Site "Kusadasi / Turkey"]
[Date "2006.04.07"]
[Round "4"]
[Board "1"]
[White "Muzychuk, Anna"]
[Black "Zielinska, Marta"]
[Result "1/2-1/2"]
[WhiteElo "2419"]
[BlackElo "2366"]
[PlyCount "58"]
[EventDate "2006.04.04"]
[EventRounds "11"]
[EventCountry "AUT"]

1.e4 e6 2.d4 d5 3.Nc3 Bb4 4.e5 c5 5.a3 Bxc3+ 6.bxc3 Nc6 7.Qg4 g6 8.Qd1 Qa5 9.Bd2
Qa4 10.Be3 c4 11.Nf3 Bd7 12.g3 O-O-O 13.h4 h6 14.Bg2 Rf8 15.Qd2 Nce7 16.O-O Nf5
17.Bf4 Qa5 18.Rfb1 Ba4 19.Rb4 Rd8 20.Nh2 Nge7 21.Nf3 Nc6 22.Rbb1 Rdg8 23.g4 Nxh4
24.Nxh4 g5 25.Be3 gxh4 26.Bh3 Qd8 27.Kh2 Qf8 28.f4 Qg7 29.Rg1 Qf8

[Event "7th EuropCh Women"]
[Site "Kusadasi / Turkey"]
[Date "2006.04.07"]
[Round "4"]
[Board "1"]
[White "Peptan, Corina"]
[Black "Turova, Irina"]
[Result "1-0"]
[WhiteElo "2408"]
[BlackElo "2362"]
[PlyCount "141"]
[EventDate "2006.04.04"]
[EventRounds "11"]
[EventCountry "AUT"]

1.e4 e5 2.Nf3 Nc6 3.Bb5 Nf6 4.O-O Nxe4 5.d4 Be7 6.dxe5 d5 7.exd6 Nxd6 8.Bxc6+
bxc6 9.Bf4 O-O 10.Nbd2 Bf6 11.Ne5 Bf5 12.Re1 c5 13.Nb3 Bxe5 14.Rxe5 c4 15.Nd4
Be4 16.Qe2 Qf6 17.Qe3 h6 18.Re1 Bg6 19.c3 Rab8 20.Qd2 Rb6 21.R5e2 Bd3 22.Bxd6
Rxd6 23.Re8 c5 24.Rxf8+ Kxf8 25.Qe3 Kg8 26.Nf3 Rb6 27.Qd2 Bf5 28.Ne5 Be6 29.h3
Rb8 30.Qe2 Qg5 31.Nf3 Qd5 32.Ne5 Rd8 33.a3 Qd2 34.Nf3 Qd5 35.Qe4 Qxe4 36.Rxe4
Bd5 37.Re2 Bxf3 38.gxf3 Rd1+ 39.Kg2 Rb1 40.Re8+ Kh7 41.Rb8 a6 42.Rb6 g5 43.f4
Kg7 44.Kf3 f6 45.Kg4 Rf1 46.Rb7+ Kf8 47.fxg5 hxg5 48.Kg3 Rb1 49.f4 gxf4+ 50.Kxf4
Rh1 51.Kf5 Rxh3 52.Kxf6 Rf3+ 53.Ke6 Rd3 54.Rb8+ Kg7 55.a4 Rd2 56.a5 Kg6 57.Rb6
Kg5 58.Rxa6 Rxb2 59.Kd5 Rb3 60.Kxc4 Ra3 61.Rc6 Kf5 62.Rxc5+ Ke6 63.Kb5 Kd6
64.Kb6 Rb3+ 65.Rb5 Rxc3 66.a6 Kd7 67.a7 Rc6+ 68.Kb7 Rc7+ 69.Ka6 Rc6+ 70.Rb6 Rc8
71.Rb8

[Event "7th EuropCh Women"]
[Site "Kusadasi / Turkey"]
[Date "2006.04.07"]
[Round "4"]
[Board "1"]
[White "Zawadzka, Jolanta"]
[Black "Klinova, Masha"]
[Result "1-0"]
[WhiteElo "2389"]
[BlackElo "2357"]
[PlyCount "140"]
[EventDate "2006.04.04"]
[EventRounds "11"]
[EventCountry "AUT"]

1.e4 c6 2.d4 d5 3.Nc3 dxe4 4.Nxe4 Bf5 5.Ng3 Bg6 6.h4 h6 7.Nf3 Nd7 8.h5 Bh7 9.Bd3
Bxd3 10.Qxd3 e6 11.Bf4 Qa5+ 12.Bd2 Qc7 13.O-O-O Ngf6 14.Ne4 Nxe4 15.Qxe4 Nf6
16.Qe2 O-O-O 17.g3 Bd6 18.Kb1 Rhe8 19.c4 c5 20.dxc5 Qxc5 21.Be3 Qf5+ 22.Ka1 Bc5
23.Bxc5 Qxc5 24.Ne5 Qc7 25.f4 Rxd1+ 26.Rxd1 Rd8 27.Rc1 Kb8 28.a3 Qe7 29.c5 Rc8
30.c6 Qc7 31.Rc3 Nd5 32.Rb3 b6 33.Qa6 Ka8 34.Nxf7 Qxc6 35.Nd6 Rd8 36.Nc4 Qb7
37.Qa4 Qd7 38.Qxd7 Rxd7 39.Ne5 Rc7 40.Rd3 Rc1+ 41.Ka2 Rf1 42.Nc6 a5 43.Nd8 Nf6
44.Nxe6 Nxh5 45.Nxg7 Nxg7 46.Rd8+ Kb7 47.Rd7+ Ka6 48.Rxg7 a4 49.Rg4 Kb5 50.Rh4
Rf3 51.Rh3 Ka6 52.Kb1 Kb5 53.Kc2 Rb3 54.Rh5+ Ka6 55.g4 Rg3 56.Rh4 Rf3 57.f5 Rg3
58.Kd2 Kb7 59.f6 Kc7 60.Rxh6 Rxg4 61.Ke3 Rg1 62.Ke4 Rf1 63.Ke5 Rf2 64.Ke6 Re2+
65.Kf7 Kd7 66.Kf8 b5 67.f7 Rf2 68.Rg6 Rf5 69.Rg2 Ke6 70.Kg8 Kd5

[Event "7th EuropCh Women"]
[Site "Kusadasi / Turkey"]
[Date "2006.04.07"]
[Round "4"]
[Board "1"]
[White "Bosboom Lanchava, Tea"]
[Black "Zozulia, Anna"]
[Result "1-0"]
[WhiteElo "2380"]
[BlackElo "2355"]
[PlyCount "109"]
[EventDate "2006.04.04"]
[EventRounds "11"]
[EventCountry "AUT"]

1.d4 g6 2.c4 Bg7 3.Nf3 d6 4.g3 Nf6 5.Bg2 O-O 6.O-O c6 7.b3 d5 8.Nbd2 a5 9.a3 Bf5
10.Bb2 Ne4 11.Re1 Nxd2 12.Nxd2 Qd7 13.e4 dxe4 14.Nxe4 Bxe4 15.Rxe4 Na6 16.Qe1 e6
17.Qxa5 f5 18.Re2 Bxd4 19.Rd2 e5 20.Bxd4 exd4 21.Qb6 Qe7 22.Qxd4 Rfd8 23.Qc3
Rxd2 24.Qxd2 Rd8 25.Qc2 Qe5 26.Rc1 Nc5 27.b4 Ne6 28.Kf1 Nd4 29.Qd3 Ne6 30.Qe2
Qd6 31.Re1 Kf7 32.c5 Qd3 33.Qxd3 Rxd3 34.Re3 Rd1+ 35.Ke2 Ra1 36.Rd3 Ke7 37.h4
Nc7 38.Ke3 Nb5 39.Kf4 Rxa3 40.Rxa3 Nxa3 41.Kg5 Nc2 42.b5 cxb5 43.Bxb7 Nd4 44.Kh6
Ne6 45.c6 Nc7 46.Kxh7 Kf7 47.Bc8 b4 48.h5 Ne8 49.hxg6+ Kf6 50.Bd7 b3 51.Bxe8 b2
52.c7 b1=Q 53.c8=Q Qh1+ 54.Kg8 Qd5+ 55.Bf7

[Event "7th EuropCh Women"]
[Site "Kusadasi / Turkey"]
[Date "2006.04.07"]
[Round "4"]
[Board "1"]
[White "Chelushkina, Irina"]
[Black "Atalik, Ekaterina"]
[Result "1/2-1/2"]
[WhiteElo "2320"]
[BlackElo "2379"]
[PlyCount "86"]
[EventDate "2006.04.04"]
[EventRounds "11"]
[EventCountry "AUT"]

1.e4 e5 2.Nf3 Nc6 3.d3 g6 4.Bg5 Be7 5.Be3 Nf6 6.Nc3 d5 7.exd5 Nxd5 8.Nxd5 Qxd5
9.Be2 Nd4 10.Bxd4 exd4 11.O-O Be6 12.c4 dxc3 13.bxc3 Bf6 14.d4 O-O 15.Nd2 Qa5
16.Qc1 c6 17.Bc4 Bf5 18.a4 Rfe8 19.Qb2 Re7 20.Rfe1 Rae8 21.Rxe7 Rxe7 22.Nb3 Qc7
23.Qd2 b6 24.h3 h5 25.a5 Kg7 26.axb6 axb6 27.Bf1 h4 28.Rd1 Qd6 29.Qc1 Ra7 30.Nd2
b5 31.Nf3 Ra2 32.Qe3 Ra3 33.Qe1 Qe6 34.Ne5 Rb3 35.f4 Ra3 36.Be2 Qb3 37.Nxc6 Be4
38.Ne5 Qxc3 39.Qxc3 Rxc3 40.Bxb5 Rc2 41.Bf1 g5 42.fxg5 Bxg5 43.Nf3 Bxf3

[Event "7th EuropCh Women"]
[Site "Kusadasi / Turkey"]
[Date "2006.04.07"]
[Round "4"]
[Board "1"]
[White "Danielian, Elina"]
[Black "Juergens, Vera"]
[Result "1-0"]
[WhiteElo "2422"]
[BlackElo "2330"]
[PlyCount "83"]
[EventDate "2006.04.04"]
[EventRounds "11"]
[EventCountry "AUT"]

1.d4 Nf6 2.Nf3 g6 3.c4 Bg7 4.g3 c6 5.Bg2 d5 6.O-O O-O 7.cxd5 cxd5 8.Ne5 e6 9.Nc3
Nfd7 10.f4 Nc6 11.e3 f6 12.Nd3 f5 13.Ne5 Nb6 14.b3 Nxe5 15.dxe5 Bd7 16.a4 Bc6
17.Ne2 a6 18.Nd4 Re8 19.Ba3 Bf8 20.Bxf8 Kxf8 21.Rf2 Rc8 22.Rc2 Qe7 23.Rac1 Qb4
24.Kf2 Bd7 25.Rc7 Rxc7 26.Rxc7 Rc8 27.Rxb7 Ke8 28.Qe1 Qxe1+ 29.Kxe1 Na8 30.Kd2
Rc7 31.Rb8+ Rc8 32.Rxc8+ Bxc8 33.Kc3 a5 34.Bf1 Kd7 35.b4 Nc7 36.bxa5 Na6 37.Bb5+
Ke7 38.Bxa6 Bxa6 39.Nc6+ Ke8 40.Kb4 Bb7 41.Kc5 Kd7 42.Nd4

[Event "7th EuropCh Women"]
[Site "Kusadasi / Turkey"]
[Date "2006.04.07"]
[Round "4"]
[Board "1"]
[White "Vasilevich, Tatjana"]
[Black "Djingarova, Emilia"]
[Result "1/2-1/2"]
[WhiteElo "2395"]
[BlackElo "2319"]
[PlyCount "68"]
[EventDate "2006.04.04"]
[EventRounds "11"]
[EventCountry "AUT"]

1.d4 Nf6 2.c4 e6 3.Nc3 Bb4 4.e3 c5 5.Bd3 Nc6 6.Nf3 Bxc3+ 7.bxc3 d6 8.O-O e5
9.Nd2 O-O 10.Rb1 Re8 11.d5 Ne7 12.Qc2 Ng6 13.f4 exf4 14.exf4 b6 15.Nf3 Ng4 16.f5
N6e5 17.Nxe5 Rxe5 18.Bf4 Ne3 19.Bxe3 Rxe3 20.f6 g6 21.Qd2 Re5 22.Rbe1 Rxe1
23.Qxe1 Bd7 24.h4 Qf8 25.h5 Re8 26.Qd2 Re5 27.hxg6 hxg6 28.Qf4 Kh7 29.Qg3 Qh6
30.Rf4 Kg8 31.Qf2 Rh5 32.Qg3 Re5 33.Qf2 Rh5 34.Qg3 Re5

[Event "7th EuropCh Women"]
[Site "Kusadasi / Turkey"]
[Date "2006.04.07"]
[Round "4"]
[Board "1"]
[White "Gavasheli, Ana"]
[Black "Melia, Salome"]
[Result "1-0"]
[WhiteElo "2244"]
[BlackElo "2393"]
[PlyCount "130"]
[EventDate "2006.04.04"]
[EventRounds "11"]
[EventCountry "AUT"]

1.e4 c6 2.d4 d5 3.Nd2 dxe4 4.Nxe4 Bf5 5.Ng3 Bg6 6.h4 h6 7.h5 Bh7 8.Nf3 Nd7 9.Bd3
Bxd3 10.Qxd3 e6 11.Bd2 Ngf6 12.O-O-O Be7 13.Ne4 O-O 14.Nxf6+ Nxf6 15.Ne5 c5
16.dxc5 Qc7 17.f4 Qxc5 18.g4 Rfd8 19.Qb3 Qd5 20.Qxd5 Rxd5 21.c4 Rdd8 22.Be3 Bd6
23.Rhg1 Bxe5 24.Rxd8+ Rxd8 25.fxe5 Ne4 26.Re1 Rc8 27.b3 Nc5 28.Bxc5 Rxc5 29.Kc2
g6 30.Kc3 gxh5 31.gxh5 Kf8 32.b4 Rc8 33.Rd1 Ke7 34.Rg1 Rd8 35.a4 Rc8 36.Rg7 Kf8
37.Rh7 Ke7 38.Rxh6 Rg8 39.Rh7 Rg4 40.b5 Re4 41.Rh8 Rxe5 42.Rb8 Rxh5 43.Rxb7+ Kd6
44.Rxf7 a5 45.bxa6 Ra5 46.Kb4 Rxa6 47.c5+ Kc6 48.Re7 Ra8 49.Rxe6+ Kc7 50.Kb5
Rb8+ 51.Rb6 Rh8 52.Rc6+ Kb7 53.Rg6 Rh1 54.Rg7+ Kb8 55.Kb6 Rb1+ 56.Kc6 Rb4 57.a5
Rb1 58.a6 Rc1 59.Rb7+ Ka8 60.Rh7 Kb8 61.a7+ Ka8 62.Kd6 Rd1+ 63.Kc7 Rc1 64.Rh5
Kxa7 65.c6 Ka6

[Event "7th EuropCh Women"]
[Site "Kusadasi / Turkey"]
[Date "2006.04.07"]
[Round "4"]
[Board "1"]
[White "Shadrina, Tatiana"]
[Black "Makropoulou, Marina"]
[Result "1-0"]
[WhiteElo "2371"]
[BlackElo "2305"]
[PlyCount "139"]
[EventDate "2006.04.04"]
[EventRounds "11"]
[EventCountry "AUT"]

1.e4 e5 2.Nf3 Nc6 3.d4 exd4 4.Nxd4 Bc5 5.Nb3 Bb6 6.Nc3 Nge7 7.Bg5 f6 8.Bh4 O-O
9.Qd2 Kh8 10.O-O-O d6 11.f4 a5 12.a4 Qe8 13.Bc4 Bd7 14.Rhe1 Bg4 15.Be2 Bxe2
16.Qxe2 Nb4 17.Bf2 Nc8 18.Nd4 Bxd4 19.Bxd4 Ne7 20.Qb5 b6 21.Qc4 Qc6 22.Qxc6
Nbxc6 23.Nb5 Rac8 24.Re3 f5 25.g3 Kg8 26.e5 d5 27.b3 Nd8 28.Bb2 Ne6 29.c4 dxc4
30.Ba3 Rce8 31.bxc4 Nc6 32.Rc3 Rd8 33.c5 Ncd4 34.Nxd4 Rxd4 35.cxb6 cxb6 36.Rxd4
Nxd4 37.Rc4 Rd8 38.Bd6 Nf3 39.h3 Ng1 40.g4 g6 41.gxf5 gxf5 42.h4 Kf7 43.Kc2 Rg8
44.Bc7 Rg6 45.Kd3 Nh3 46.Rd4 Nf2+ 47.Ke3 Ne4 48.Rd7+ Ke6 49.Rxh7 Rg3+ 50.Kd4 Ra3
51.Rh6+ Kd7 52.Bxb6 Rxa4+ 53.Kd3 Ra3+ 54.Kc2 Re3 55.Kb2 a4 56.Ba5 Rb3+ 57.Kc2
Rb5 58.Ra6 Nc5 59.Ra7+ Ke6 60.h5 Rb8 61.h6 Rh8 62.Bb4 Ne4 63.Rxa4 Kd5 64.Ra6 Nf2
65.e6 Rc8+ 66.Kb3 Nd3 67.Rd6+ Ke4 68.e7 Nc1+ 69.Ka4 Ra8+ 70.Kb5

[Event "7th EuropCh Women"]
[Site "Kusadasi / Turkey"]
[Date "2006.04.07"]
[Round "4"]
[Board "1"]
[White "Topel, Zehra"]
[Black "Kursova, Maria"]
[Result "1-0"]
[WhiteElo "2139"]
[BlackElo "2333"]
[PlyCount "65"]
[EventDate "2006.04.04"]
[EventRounds "11"]
[EventCountry "AUT"]

1.d4 Nf6 2.c4 e6 3.Nf3 b6 4.g3 Ba6 5.b3 b5 6.Bg2 bxc4 7.Ne5 Bb4+ 8.Bd2 cxb3
9.Bxb4 b2 10.Nc3 bxa1=Q 11.Qxa1 c6 12.Bd6 Nd5 13.O-O f6 14.Nf3 Nxc3 15.Qxc3 Bxe2
16.Re1 Bxf3 17.Bxf3 Kf7 18.Qc4 Qc8 19.Qd3 a5 20.Rc1 Qa6 21.Qe3 Qa7 22.Qf4 Na6
23.Bh5+ Kg8 24.g4 Nb4 25.g5 f5 26.Rc5 g6 27.Be2 h5 28.Qe5 Kh7 29.Qf6 Rhg8
30.Bxh5 Nd5 31.Qf7+ Rg7 32.Bxg6+ Kh8 33.Be5

[Event "7th EuropCh Women"]
[Site "Kusadasi / Turkey"]
[Date "2006.04.07"]
[Round "4"]
[Board "1"]
[White "Dembo, Yelena"]
[Black "Muhren, Bianca"]
[Result "1-0"]
[WhiteElo "2464"]
[BlackElo "2253"]
[PlyCount "103"]
[EventDate "2006.04.04"]
[EventRounds "11"]
[EventCountry "AUT"]

1.e4 c5 2.Nf3 d6 3.d4 cxd4 4.Nxd4 Nf6 5.Nc3 a6 6.Bc4 e6 7.Bb3 b5 8.O-O Be7 9.Qf3
Qb6 10.Be3 Qb7 11.Qg3 O-O 12.f3 b4 13.Na4 Nbd7 14.Rfd1 Ne8 15.Rac1 Nc5 16.Nxc5
dxc5 17.Ne2 Bd7 18.e5 Rc8 19.c4 f5 20.exf6 Bxf6 21.Rd2 Rf7 22.Rcd1 g6 23.Bg5 Bh8
24.Bc2 Ng7 25.Be4 Bc6 26.Bxc6 Qxc6 27.Rd6 Qa8 28.Rd8+ Rf8 29.Rxf8+ Rxf8 30.Qe5
Qc8 31.Bf6 Qb8 32.Qxb8 Rxb8 33.Be5 Rc8 34.g4 Ne8 35.Bxh8 Kxh8 36.Rd7 Kg8 37.Ng3
Rc7 38.Rxc7 Nxc7 39.Ne4 Kf7 40.Kf2 a5 41.Nxc5 Ke7 42.Ke3 Ne8 43.Nb3 a4 44.Nc5 a3
45.b3 Nc7 46.Nd3 Na6 47.Ke4 Kd6 48.f4 h6 49.h4 Kd7 50.Ke5 Ke7 51.Kd4 Kf6 52.Nc5

[Event "7th EuropCh Women"]
[Site "Kusadasi / Turkey"]
[Date "2006.04.07"]
[Round "4"]
[Board "1"]
[White "Dzagnidze, Nana"]
[Black "Gvetadze, Sopio"]
[Result "0-1"]
[WhiteElo "2442"]
[BlackElo "2282"]
[PlyCount "116"]
[EventDate "2006.04.04"]
[EventRounds "11"]
[EventCountry "AUT"]

1.d4 e6 2.Nf3 Nf6 3.Bg5 c5 4.e3 b6 5.d5 d6 6.dxe6 Bxe6 7.c4 Be7 8.Nc3 O-O 9.Qc2
Nc6 10.Rd1 Qb8 11.Be2 a6 12.O-O h6 13.Bh4 Ra7 14.Nd2 Rd8 15.Bg3 Qc8 16.e4 Nd4
17.Qd3 b5 18.b3 Nd7 19.f4 f5 20.Bf3 Nf6 21.Kh1 fxe4 22.Ndxe4 Nxf3 23.gxf3 d5
24.Nxf6+ Bxf6 25.Nxd5 Bxd5 26.cxd5 Rad7 27.Qf5 Bd4 28.Bh4 Rxd5 29.Qe4 R8d7 30.f5
Re5 31.Qg4 Rf7 32.Bg3 Rexf5 33.b4 Qc6 34.Kg2 h5 35.Qe4 Qxe4 36.fxe4 Rxf1 37.Rxf1
Rxf1 38.Kxf1 cxb4 39.Bc7 Kf7 40.Ke2 Ke6 41.Ba5 Bc5 42.Bd8 Be7 43.Bb6 g5 44.h3 g4
45.hxg4 hxg4 46.Kf2 Bd6 47.Ke3 Kd7 48.Ba5 Kc6 49.Kd3 g3 50.Ke3 Kc5 51.Bd8 Be5
52.Kf3 Kc4 53.Bg5 b3 54.axb3+ Kxb3 55.Bh4 Kc4 56.Bxg3 Bxg3 57.Kxg3 b4 58.e5 Kd5

[Event "7th EuropCh Women"]
[Site "Kusadasi / Turkey"]
[Date "2006.04.07"]
[Round "4"]
[Board "1"]
[White "Gaponenko, Inna"]
[Black "Eckhardt, Claudia"]
[Result "1-0"]
[WhiteElo "2430"]
[BlackElo "2260"]
[PlyCount "109"]
[EventDate "2006.04.04"]
[EventRounds "11"]
[EventCountry "AUT"]

1.e4 c5 2.Nf3 a6 3.Nc3 e6 4.d4 cxd4 5.Nxd4 b5 6.Bd3 d6 7.O-O Nf6 8.Qe2 Be7 9.Kh1
Qb6 10.Be3 Qc7 11.Bd2 O-O 12.a4 b4 13.Na2 e5 14.Nf3 a5 15.c3 bxc3 16.Nxc3 Nc6
17.Nb5 Qb7 18.Bc3 h6 19.Bc4 Bg4 20.h3 Bxf3 21.Qxf3 Rac8 22.b3 Rfd8 23.Rad1 Rd7
24.Rd2 Bf8 25.Rfd1 Nb4 26.Bxb4 axb4 27.Nxd6 Bxd6 28.Rxd6 Rxd6 29.Rxd6 Nxe4
30.Rd1 Nc5 31.Qxb7 Nxb7 32.Bxf7+ Kf8 33.Rd7 Rc1+ 34.Kh2 Nc5 35.Ra7 Rc3 36.Bd5
Nxb3 37.Rf7+ Ke8 38.Rb7 Nc5 39.Rxb4 Kd7 40.Rc4 Rxc4 41.Bxc4 Nb7 42.Kg3 Kd6
43.Kg4 Kc5 44.Be2 Kb4 45.Kf5 Kxa4 46.Kg6 Kb3 47.Kxg7 Kc3 48.Kxh6 Kd2 49.Bh5 Ke1
50.g4 Kxf2 51.g5 Nd6 52.g6 Kg3 53.Kg5 Ne8 54.h4 e4 55.Bd1

[Event "7th EuropCh Women"]
[Site "Kusadasi / Turkey"]
[Date "2006.04.07"]
[Round "4"]
[Board "1"]
[White "Dragomirescu, Angela"]
[Black "Kachiani Gersinska,  Ketino"]
[Result "1/2-1/2"]
[WhiteElo "2261"]
[BlackElo "2421"]
[PlyCount "49"]
[EventDate "2006.04.04"]
[EventRounds "11"]
[EventCountry "AUT"]

1.d4 Nf6 2.c4 g6 3.Nc3 Bg7 4.e4 d6 5.Nf3 O-O 6.Be2 e5 7.Be3 Ng4 8.Bg5 f6 9.Bc1
Nc6 10.d5 Ne7 11.h3 Nh6 12.h4 Nf7 13.h5 gxh5 14.Rxh5 Bg4 15.Rh2 Ng6 16.Nh4 Bxe2
17.Qxe2 Nxh4 18.Rxh4 Ng5 19.Qh5 h6 20.Be3 a6 21.Qg6 Qe8 22.Qxe8 Raxe8 23.f3 f5
24.Ke2 f4 25.Bf2

[Event "7th EuropCh Women"]
[Site "Kusadasi / Turkey"]
[Date "2006.04.07"]
[Round "4"]
[Board "1"]
[White "Smokina, Karolina"]
[Black "Peng, Zhaoqin"]
[Result "1/2-1/2"]
[WhiteElo "2252"]
[BlackElo "2395"]
[PlyCount "79"]
[EventDate "2006.04.04"]
[EventRounds "11"]
[EventCountry "AUT"]

1.c4 e5 2.g3 Nc6 3.Bg2 Bc5 4.Nc3 d6 5.d3 Nge7 6.e3 O-O 7.Nge2 a6 8.O-O Ba7 9.h3
Be6 10.Nd5 Qd7 11.Kh2 Rfe8 12.b3 Nd8 13.d4 f6 14.Nxe7+ Qxe7 15.d5 Bd7 16.e4 f5
17.exf5 Bxf5 18.Be3 Bxe3 19.fxe3 Qg5 20.e4 Bd7 21.Qd3 Nf7 22.Ng1 Qh5 23.Qd2 b6
24.Rae1 Nh6 25.Qe2 Ng4+ 26.Kh1 Qh6 27.Bf3 Nf6 28.Kg2 a5 29.h4 Qg6 30.Nh3 h6
31.Nf2 Re7 32.h5 Qe8 33.Nd1 g5 34.Ne3 Rf7 35.Bg4 Nxg4 36.Nxg4 Bxg4 37.Qxg4 Kg7
38.Rf5 Rxf5 39.exf5 Kf6 40.Qf3

[Event "7th EuropCh Women"]
[Site "Kusadasi / Turkey"]
[Date "2006.04.07"]
[Round "4"]
[Board "1"]
[White "Motoc, Alina"]
[Black "Bensdorp, Marlies"]
[Result "1/2-1/2"]
[WhiteElo "2342"]
[BlackElo "2251"]
[PlyCount "106"]
[EventDate "2006.04.04"]
[EventRounds "11"]
[EventCountry "AUT"]

1.d4 d5 2.c4 c6 3.Nf3 Nf6 4.e3 Bf5 5.Nc3 e6 6.Nh4 Bg6 7.Nxg6 hxg6 8.Qe2 Nbd7
9.g3 dxc4 10.Qxc4 e5 11.Bg2 Nb6 12.Qe2 exd4 13.exd4+ Be7 14.Be3 O-O 15.h4 Nbd5
16.Nxd5 Nxd5 17.O-O-O Re8 18.Kb1 Bf6 19.h5 g5 20.Qd2 Qd7 21.Ka1 Qf5 22.h6 g6
23.h7+ Kh8 24.g4 Qxg4 25.Bxd5 cxd5 26.Rdg1 Qe4 27.Bxg5 Bxg5 28.Qxg5 Qxd4 29.Rd1
Qe5 30.Rxd5 Qxg5 31.Rxg5 Re2 32.f4 Rae8 33.Kb1 Re1+ 34.Rxe1 Rxe1+ 35.Kc2 Kxh7
36.Rd5 Re7 37.Kd3 Kg7 38.Kd4 Kf6 39.b4 Re2 40.Ra5 a6 41.b5 axb5 42.Rxb5 Rxa2
43.Rxb7 Re2 44.Rb5 Ke6 45.Kd3 Re1 46.Rg5 Kf6 47.Rb5 Re7 48.Rc5 Kg7 49.Rc2 f6
50.Rg2 f5 51.Re2 Rxe2 52.Kxe2 Kf6 53.Kf3 g5

[Event "7th EuropCh Women"]
[Site "Kusadasi / Turkey"]
[Date "2006.04.07"]
[Round "4"]
[Board "1"]
[White "Andersson, Christin"]
[Black "Petrenko, Svetlana"]
[Result "0-1"]
[WhiteElo "2170"]
[BlackElo "2334"]
[PlyCount "74"]
[EventDate "2006.04.04"]
[EventRounds "11"]
[EventCountry "AUT"]

1.e4 d6 2.d4 Nf6 3.Bd3 g6 4.Nf3 Bg7 5.O-O O-O 6.c3 Nc6 7.Bg5 h6 8.Bh4 e5 9.d5
Ne7 10.c4 g5 11.Bg3 Nh5 12.Nc3 Bg4 13.h3 Bc8 14.Bh2 Nf4 15.Bxf4 exf4 16.Re1 Ng6
17.Qd2 h5 18.Ne2 Qf6 19.Nfd4 Ne5 20.f3 g4 21.fxg4 hxg4 22.hxg4 Bxg4 23.Rf1 f3
24.Nxf3 Bxf3 25.gxf3 Nxf3+ 26.Rxf3 Qxf3 27.Rf1 Qg4+ 28.Kf2 Qh4+ 29.Kg2 Rfe8
30.Rh1 Qf6 31.b3 Re5 32.Rf1 Rg5+ 33.Ng3 Qg6 34.Rf3 Be5 35.Qe3 Kg7 36.b4 Rh8
37.c5 Rh4

[Event "7th EuropCh Women"]
[Site "Kusadasi / Turkey"]
[Date "2006.04.07"]
[Round "4"]
[Board "1"]
[White "Calotescu, Ana Cristina"]
[Black "Norinkeviciute, Rasa"]
[Result "1-0"]
[WhiteElo "2325"]
[BlackElo "2106"]
[PlyCount "69"]
[EventDate "2006.04.04"]
[EventRounds "11"]
[EventCountry "AUT"]

1.c4 g6 2.g3 Bg7 3.Bg2 d6 4.d4 Nd7 5.Nf3 e6 6.Nc3 Ne7 7.e4 a6 8.Be3 h6 9.Qc2 b6
10.h4 Bb7 11.Rd1 Nf6 12.O-O Ng4 13.Bf4 O-O 14.e5 Nf5 15.d5 dxe5 16.dxe6 Qc8
17.exf7+ Rxf7 18.Bc1 Nd4 19.Nxd4 Bxg2 20.Kxg2 exd4 21.Nd5 Qf8 22.f3 Ne5 23.Rxd4
Rxf3 24.Rf4 Rxf4 25.gxf4 Nc6 26.Qxg6 Nd4 27.f5 Qf7 28.h5 Re8 29.f6 Re2+ 30.Rf2
Qxg6+ 31.hxg6 Bxf6 32.Nxf6+ Kg7 33.Nh5+ Kg8 34.Rxe2 Nxe2 35.Bxh6

[Event "7th EuropCh Women"]
[Site "Kusadasi / Turkey"]
[Date "2006.04.07"]
[Round "4"]
[Board "1"]
[White "Bashkite, Viktoria"]
[Black "Khurtsidze, Nino"]
[Result "0-1"]
[WhiteElo "2205"]
[BlackElo "2426"]
[PlyCount "82"]
[EventDate "2006.04.04"]
[EventRounds "11"]
[EventCountry "AUT"]

1.c4 Nf6 2.Nc3 c5 3.Nf3 e6 4.g3 b6 5.Bg2 Bb7 6.O-O Be7 7.d3 d5 8.cxd5 Nxd5
9.Nxd5 Qxd5 10.Qa4+ Bc6 11.Qg4 Bf6 12.e4 Qxd3 13.Ng5 h5 14.Qh3 Bxg5 15.Bxg5 Nd7
16.Rfd1 Qb5 17.Rd6 O-O 18.Qxh5 c4 19.Rxc6 Qxc6 20.e5 Qc5 21.Be4 f5 22.Bxa8 Rxa8
23.Be3 Qc6 24.Bd4 Nf8 25.Bc3 Rd8 26.Qg5 Rd3 27.h4 Qd7 28.h5 Nh7 29.Qh4 b5 30.Bb4
Rd4 31.Qe7 Qxe7 32.Bxe7 a5 33.f4 Rd2 34.Rb1 Nf8 35.Bd6 Nd7 36.a4 b4 37.Bc7 Nc5
38.Rc1 c3 39.bxc3 b3 40.Rb1 b2 41.Bb6 Nxa4